Miscelánea: colección de artículos, discursos, biografías, impresiones de viaje, ensayos, estudios sociales, económicos, etc., 1849 a 1872. A la venta en las librerías del Mercurio i en la librería Central.- Volumen I: doña Javiera Carrera: rasgo biográfico leído en el Círculo de Amigos de las Letras
محفوظ في:
| المؤلف الرئيسي: | |
|---|---|
| التنسيق: | كتاب |
| اللغة: | الإسبانية |
| منشور في: |
Santiago
Imprenta de la Librería del Mercurio, de Orestes L. Tornero
1872
|
| الطبعة: | 1a. ed |
| الموضوعات: | |
| الوسوم: |
إضافة وسم
لا توجد وسوم, كن أول من يضع وسما على هذه التسجيلة!
|
MARC
| LEADER | 00000cam a2200000 a 4500 | ||
|---|---|---|---|
| 001 | UCJ4488 | ||
| 003 | CL-VaPUC | ||
| 005 | 20250227100120.0 | ||
| 008 | 070124e18720000CL |||||||||||||||||spa|d | ||
| 999 | |c 320604 |d 320602 | ||
| 040 | |c Pontificia Universidad Católica de Valparaíso | ||
| 082 | 0 | 4 | |a 983 |b VIC |2 21 |
| 100 | |a Vicuña Mackenna, Benjamín, |d 1831-1886 |e author |9 374 | ||
| 245 | 1 | 0 | |a Miscelánea: colección de artículos, discursos, biografías, impresiones de viaje, ensayos, estudios sociales, económicos, etc., 1849 a 1872. A la venta en las librerías del Mercurio i en la librería Central.- Volumen I: doña Javiera Carrera: rasgo biográfico leído en el Círculo de Amigos de las Letras |
| 246 | 1 | 0 | |a Viaje por la república carrilana, De Til Til a Los Loros |
| 246 | 1 | 0 | |a Discurso al colocarse la primera piedra de la estatua del abate Molina en la Alameda de Santiago el 17 de setiembre de 1856 |
| 246 | 1 | 4 | |a Una visita al Instituto de Francia |
| 246 | 1 | 0 | |a Qué es lo que dice de Chile en Francia |
| 246 | 1 | 0 | |a Programa del Partido Liberal en 1867 |
| 246 | 1 | 3 | |a La conquista de la América Española por los americanos del norte |
| 246 | 1 | 3 | |a La ley del progreso en Chile |
| 246 | 1 | 3 | |a La sargento Candelaria y la Monja Alférez: Estudio crítico |
| 246 | 1 | 0 | |a Reseña sobre la fundación del Instituto Nacional de Chile |
| 246 | 1 | 4 | |a Los jardines de Santiago |
| 246 | 1 | 0 | |a Discurso pronunciado en el cementerio de Lima sobre la tumba del emigrado chileno don Ramón García el 10 de julio de 1860 |
| 246 | 1 | 4 | |a Una visita a la Biblioteca del Museo Británico |
| 246 | 1 | 3 | |a El incendio de la Compañía: Los frutos de la catástrofe: Abolición del culto nocturno |
| 246 | 1 | 0 | |a Manifiesto político con motivo de la supresión del periódico El Liberal, en diciembre de 1858 |
| 246 | 1 | 4 | |a Una sesión de la Cámara de los Comunes de Inglaterra |
| 246 | 1 | 3 | |a La doctrina Monroe i la Unión Americana.- Volumen II: el Jeneral San Martín en América |
| 246 | 1 | 0 | |a Reseña histórica del templo de la Compañía |
| 246 | 1 | 4 | |a Las ciudades de juego en Europa |
| 246 | 1 | 3 | |a La bibliografía americana en Europa |
| 246 | 1 | 4 | |a Los jugadores en Chile |
| 246 | 1 | 0 | |a Portales y Montt: parangón político |
| 246 | 1 | 3 | |a La inmigración europea con respecto a Chile |
| 246 | 1 | 3 | |a La ciudad de Santiago en 1856 |
| 246 | 1 | 0 | |a Joaquín Carbacho.- Volumen III: Don Francisco de Aguirre: el primer hereje que hubo en Chile |
| 246 | 1 | 3 | |a La cuestión de bosques en Chile i en Francia |
| 246 | 1 | 0 | |a Estudio del latín en Chile y su abolición |
| 246 | 1 | 3 | |a La Internacional: su orijen, sus miras, su proceso |
| 246 | 1 | 3 | |a El papado i Chile |
| 246 | 1 | 0 | |a Comunicación interoceánica entre el Pacífico i el Atlántico |
| 250 | |a 1a. ed | ||
| 260 | |a Santiago |b Imprenta de la Librería del Mercurio, de Orestes L. Tornero |c 1872 | ||
| 300 | |a 3 v | ||
| 583 | |a last modification |c 20190412 12:13:35 |k Rodrigo Vera | ||
| 600 | 0 | 7 | |a AGUIRRE, FRANCISCO DE |2 CL-VaPUC |9 396316 |
| 600 | 0 | 7 | |a SAN MARTIN, JOSE DE |2 CL-VaPUC |9 508325 |
| 600 | 0 | 7 | |a CARRERA, JAVIERA |2 CL-VaPUC |9 505194 |
| 600 | 0 | 7 | |a PEREZ, CANDELARIA |2 CL-VaPUC |9 507269 |
| 600 | 0 | 7 | |a ERAUSO, CATALINA DE |2 CL-VaPUC |9 508326 |
| 600 | 0 | 7 | |a Ovalle, Alonso de, |d 1601-1651 |9 879554 |
| 600 | 0 | |a Lacunza y Díaz, Manuel |d 1731-1801 |q Ben-Ezra, Juan Josafat |9 505297 | |
| 600 | 0 | 7 | |a MOLINA, IGNACIO |2 CL-VaPUC |9 508327 |
| 600 | 0 | 7 | |a CARBACHO, JOAQUIN |2 CL-VaPUC |9 508328 |
| 650 | 7 | |a BIOGRAFIA |2 CL-VaPUC |9 504622 | |
| 650 | 0 | |a Viajes |9 257115 | |
| 650 | 0 | |a Cultura |9 269059 | |
| 650 | 0 | |a Vida social |9 337244 | |
| 650 | 7 | |a CATASTROFES NACIONALES |2 CL-VaPUC |9 507212 | |
| 650 | 7 | |a INCENDIO DE LA COMPAÑIA |2 CL-VaPUC |9 445733 | |
| 650 | 0 | |a Historia local |9 266584 | |
| 650 | 0 | |a Discursos |9 265028 | |
| 650 | 7 | |a LIBERTAD DE CULTO |2 CL-VaPUC |9 403246 | |
| 650 | 0 | |a Latín |9 269544 | |
| 650 | 0 | |a Historiografía |9 257871 | |
| 650 | 0 | |a Crítica literaria |9 269189 | |
| 650 | 0 | |a Teatro |9 265385 | |
| 650 | 0 | |a Partidos políticos |9 254999 | |
| 650 | 0 | |a Bombardeo de Valparaíso |9 395266 | |
| 650 | 7 | |a GUERRA CON ESPAÑA |2 CL-VaPUC |9 504456 | |
| 650 | 0 | |a Derecho internacional |9 255637 | |
| 650 | 7 | |a MILITARISMO |2 CL-VaPUC |9 321522 | |
| 650 | 7 | |a EMIGRACION EUROPEA |2 CL-VaPUC |9 508329 | |
| 650 | 0 | |a Recursos naturales |9 255232 | |
| 650 | 0 | |a Bosques |9 269804 | |
| 650 | 0 | |a Ferrocarril Trasandino |9 506760 | |
| 650 | 0 | |a Juegos de azar |9 388005 | |
| 650 | 0 | |a Comunismo |9 255588 | |
| 650 | 7 | |a IMPERIALISMO NORTEAMERICANO |2 CL-VaPUC |9 508330 | |
| 651 | 7 | |a CHILE |2 CL-VaPUC |9 508331 | |
| 651 | 0 | |a Santiago |9 265444 | |
| 651 | 0 | |a España |9 254926 | |
| 651 | 7 | |a FRACIA |2 CL-VaPUC |9 508332 | |
| 651 | 0 | |a Inglaterra |9 255158 | |
| 651 | 0 | |a Valparaíso, Chile |9 261144 | |
| 942 | |c BK |2 ddc | ||
| 945 | |d 20070124 00:00:00 |a rinostro | ||
| 952 | |0 0 |1 0 |4 0 |6 983_000000000000000_VIC_1872 |7 0 |8 X |9 399152 |a FDOBUD |b FDOBUD |d 2019-11-22 |h v.1 |i 101966K |o 983 VIC 1872 |p 101966K |r 2019-11-22 |w 2019-11-22 |y BK_X |k BUD | ||
| 952 | |0 0 |1 0 |4 0 |6 983_000000000000000_VIC_1872 |7 0 |8 X |9 399153 |a FDOBUD |b FDOBUD |d 2019-11-22 |h v.2 |i 1019678 |o 983 VIC 1872 |p 1019678 |r 2019-11-22 |w 2019-11-22 |y BK_X |k BUD | ||
| 952 | |0 0 |1 0 |4 0 |6 983_000000000000000_VIC_1872 |7 0 |8 X |9 399154 |a FDOBUD |b FDOBUD |d 2019-11-22 |h v.3 |i 1019686 |o 983 VIC 1872 |p 1019686 |r 2019-11-22 |w 2019-11-22 |y BK_X |k BUD | ||